British TV Groups - Statistics

General Stats
  • This quiz has been taken 84 times
  • The average score is 32 of 59
Answer Stats
Hint Answer % Correct
Shelby Siblings (Peaky Blinders) Tommy
89%
Teletubbies Po
88%
Teletubbies Laa-Laa
87%
Britain's Got Talent Presenters Anthony McPartlin
85%
Winners of the British Soap Award for the Best British Soap Coronation Street
85%
Britain's Got Talent Presenters Declan Donnelly
85%
Winners of the British Soap Award for the Best British Soap EastEnders
85%
Top Gear Presenters (2003-2015) Jeremy Clarkson
85%
Winners of the British Soap Award for the Best British Soap Emmerdale
84%
First Five Freeview Channels BBC One
83%
Teletubbies Dipsy
83%
First Five Freeview Channels ITV
83%
First Five Freeview Channels BBC Two
81%
First Five Freeview Channels Channel 5
81%
Teletubbies Tinky Winky
81%
First Five Freeview Channels Channel 4
80%
Top Gear Presenters (2003-2015) James May
80%
Top Gear Presenters (2003-2015) Richard Hammond
80%
Thomas & Friends Trains 1-10 Thomas
79%
Winners of the British Soap Award for the Best British Soap Hollyoaks
77%
Strictly Come Dancing Judges** Craig Revel Horwood
67%
Thomas & Friends Trains 1-10 James
64%
Derry Girls James Maguire
64%
Chasers* The Beast
64%
Chasers* The Dark Destroyer
64%
Chasers* The Vixen
64%
Chasers* The Sinnerman
63%
X-Factor Categories Groups
60%
Chasers* The Governess
59%
X-Factor Categories Boys
57%
X-Factor Categories Girls
57%
Strictly Come Dancing Judges** Shirley Ballas
57%
Thomas & Friends Trains 1-10 Percy
53%
Strictly Come Dancing Judges** Anton Du Beke
52%
X-Factor Categories Overs
51%
Thomas & Friends Trains 1-10 Henry
44%
Trumpton Firemen*** Barney McGrew
43%
Trumpton Firemen*** Dibble
43%
Strictly Come Dancing Judges** Motsi Mabuse
43%
Trumpton Firemen*** Cuthbert
41%
Thomas & Friends Trains 1-10 Gordon
39%
Thomas & Friends Trains 1-10 Edward
36%
Trumpton Firemen*** Grub
36%
Trumpton Firemen*** Pugh
35%
Trumpton Firemen*** Pugh
35%
Shelby Siblings (Peaky Blinders) John
33%
Shelby Siblings (Peaky Blinders) Arthur
32%
Derry Girls Erin Quinn
28%
Derry Girls Orla McCool
25%
Chasers* The Menace
25%
Shelby Siblings (Peaky Blinders) Ada
21%
Derry Girls Clare Devlin
21%
Derry Girls Michelle Mallon
21%
Thomas & Friends Trains 1-10 Toby
20%
Shelby Siblings (Peaky Blinders) Finn
16%
Trumpton Firemen*** Captain Flack
8%
Thomas & Friends Trains 1-10 Donald
7%
Thomas & Friends Trains 1-10 Douglas
7%
Thomas & Friends Trains 1-10 Duck
7%
No matching quizzes found
Score Distribution
Percent of People with Each Score
Percentile by Number Answered
Your Score History
You have not taken this quiz